Vista normal
Vista MARC
Entrada Topical Term
Número de registros utilizados en: 1
001 - CONTROL NUMBER
- control field: 557
003 - CONTROL NUMBER IDENTIFIER
- control field: OSt
005 - DATE AND TIME OF LATEST TRANSACTION
- control field: 20200213133845.0
008 - FIXED-LENGTH DATA ELEMENTS
- fixed length control field: 200213|| aca||aabn | a|a d
040 ## - CATALOGING SOURCE
- Original cataloging agency: OSt
- Transcribing agency: OSt
150 ## - HEADING--TOPICAL TERM
- Topical term or geographic name entry element: Vida en la selva
670 ## - SOURCE DATA FOUND
- Source citation: Work cat.: (OSt)0: Rivera, José Eustasio. autor 556, La vorágine / , ©2001